[Event "North Wales Open"]
[Site "Llandudno"]
[Date "2017.06.30"]
[Round "1.1"]
[White "Schulte, Felix"]
[Black "Dineley, Richard"]
[Result "0-1"]
[WhiteElo "2002"]
[BlackElo "2269"]
[PlyCount "78"]
[EventDate "2017.06.30"]
[EventType "swiss"]
[EventRounds "5"]
[EventCountry "WLS"]
[SourceDate "2017.07.09"]

1. d4 Nf6 2. c4 e6 3. Nc3 Bb4 4. e3 O-O 5. Nge2 d5 6. a3 Be7 7. cxd5 exd5 8.
Nf4 c6 9. Bd3 Na6 10. O-O Nc7 11. Bc2 Bd6 12. Re1 Re8 13. f3 Ne6 14. Nxe6 Bxe6
15. e4 dxe4 16. fxe4 Bg4 17. Qd3 Bh5 18. h3 Bg6 19. Bg5 Be7 20. Be3 Nd5 21. Bf2
Bh4 22. g3 Be7 23. Qf3 Qd7 24. Kg2 Bf8 25. Ba4 Nxc3 26. bxc3 Qc7 27. c4 Qa5 28.
Bb3 c5 29. d5 Bd6 30. Re2 Re7 31. Be1 Qa6 32. Bd2 Rae8 33. Rae1 Qxa3 34. Bg5 f6
35. Ra2 Qxa2+ 36. Bxa2 Bxe4 37. Rxe4 Rxe4 38. Qf5 fxg5 39. h4 g4 0-1

[Event "North Wales Open"]
[Site "Llandudno"]
[Date "2017.06.30"]
[Round "1.2"]
[White "Blackburn, Jonathan L B"]
[Black "Bryant, Richard B E"]
[Result "1/2-1/2"]
[WhiteElo "2200"]
[BlackElo "1976"]
[PlyCount "57"]
[EventDate "2017.06.30"]
[EventType "swiss"]
[EventRounds "5"]
[EventCountry "WLS"]
[SourceDate "2017.07.09"]

1. d4 d5 2. c4 c6 3. Nf3 Nf6 4. Nc3 dxc4 5. a4 Bf5 6. e3 e6 7. Bxc4 Bb4 8. O-O
Bg6 9. Qb3 Qe7 10. Na2 Bd6 11. Bd2 a5 12. Nc3 Na6 13. e4 Nxe4 14. Nxe4 Bxe4 15.
Rfe1 Bd5 16. Bxd5 cxd5 17. Qb5+ Qd7 18. Qxa5 O-O 19. Qb6 Rfc8 20. Qb3 Rc4 21.
Qb5 Qe7 22. b3 Rc6 23. Ne5 Rc2 24. Qd3 Rcc8 25. Qf3 Nb4 26. Bxb4 Bxb4 27. Rec1
Bd2 28. Rd1 Bb4 29. Rac1 1/2-1/2

[Event "North Wales Open"]
[Site "Llandudno"]
[Date "2017.06.30"]
[Round "1.3"]
[White "Waterfield, John W"]
[Black "Jackson, Oliver A"]
[Result "0-1"]
[WhiteElo "1967"]
[BlackElo "2169"]
[PlyCount "46"]
[EventDate "2017.06.30"]
[EventType "swiss"]
[EventRounds "5"]
[EventCountry "WLS"]
[SourceDate "2017.07.09"]

1. e4 c5 2. c3 g6 3. d4 cxd4 4. cxd4 d5 5. exd5 Nf6 6. Bb5+ Bd7 7. Bc4 Bg7 8.
Nf3 O-O 9. O-O b5 10. Bb3 a5 11. Nc3 a4 12. Bc2 b4 13. Nxa4 Nxd5 14. a3 Nc6 15.
Be3 Bg4 16. h3 Bxf3 17. gxf3 e6 18. Kg2 Nxd4 19. Qd2 Nxc2 20. Qxc2 Nxe3+ 21.
fxe3 Qg5+ 22. Kf2 Qh4+ 23. Ke2 b3 0-1

[Event "North Wales Open"]
[Site "Llandudno"]
[Date "2017.06.30"]
[Round "1.4"]
[White "Jameson, David"]
[Black "Cooke, Suzie G."]
[Result "1/2-1/2"]
[WhiteElo "2099"]
[BlackElo "1957"]
[PlyCount "48"]
[EventDate "2017.06.30"]
[EventType "swiss"]
[EventRounds "5"]
[EventCountry "WLS"]
[SourceDate "2017.07.09"]

1. e4 e6 2. d4 d5 3. Nd2 Nf6 4. Bd3 c5 5. e5 Nfd7 6. c3 Nc6 7. Ne2 cxd4 8. cxd4
f6 9. Nf4 Nxd4 10. Qh5+ Ke7 11. Ng6+ hxg6 12. exf6+ Nxf6 13. Qxh8 Kf7 14. O-O
Nh5 15. Nb3 Nxb3 16. axb3 Bd7 17. Qh7 Qf6 18. g4 Nf4 19. Bxf4 Qxf4 20. Bxg6+
Kf6 21. Qh5 Bd6 22. Rac1 Rh8 23. g5+ Ke7 24. Qxh8 Qg4+ 1/2-1/2

[Event "North Wales Open"]
[Site "Llandudno"]
[Date "2017.06.30"]
[Round "1.5"]
[White "Taylor, Robert Graham"]
[Black "Surtees, Mike J"]
[Result "0-1"]
[WhiteElo "1944"]
[BlackElo "2084"]
[PlyCount "96"]
[EventDate "2017.06.30"]
[EventType "swiss"]
[EventRounds "5"]
[EventCountry "WLS"]
[SourceDate "2017.07.09"]

1. d4 e6 2. c4 c5 3. Nf3 Nf6 4. g3 a6 5. Bg2 b5 6. O-O Bb7 7. cxb5 axb5 8. dxc5
Bxc5 9. Qb3 b4 10. Ne5 Bxg2 11. Kxg2 Qc7 12. Nd3 Be7 13. Nd2 Nc6 14. Nf3 e5 15.
Nde1 O-O 16. Be3 h6 17. Nh4 Rfc8 18. Nf5 Bf8 19. h3 d5 20. f3 Na5 21. Qd1 Nc4
22. b3 Nd6 23. Nxd6 Qxd6 24. Nd3 d4 25. Bd2 Nd5 26. Nf2 f5 27. Qb1 g6 28. g4
Qe6 29. Rg1 Kh8 30. h4 Ne3+ 31. Bxe3 dxe3 32. gxf5 gxf5 33. Nd3 Rc3 34. Qe1 Rc2
35. Kh1 f4 36. Rg2 Raxa2 37. Rxa2 Rxa2 38. h5 Qh3+ 39. Rh2 Qf5 40. Qb1 Ra8 41.
Qb2 Bg7 42. Rg2 Bf6 43. Ne1 e4 44. Qc2 Bc3 45. Qxe4 Qxe4 46. fxe4 Ra1 47. Rg6
Rxe1+ 48. Kg2 Rxe2+ 0-1

[Event "North Wales Open"]
[Site "Llandudno"]
[Date "2017.06.30"]
[Round "1.6"]
[White "Crocker, Philip J"]
[Black "Rice, Clifford"]
[Result "1-0"]
[WhiteElo "2068"]
[BlackElo "1927"]
[PlyCount "119"]
[EventDate "2017.06.30"]
[EventType "swiss"]
[EventRounds "5"]
[EventCountry "WLS"]
[SourceDate "2017.07.09"]

1. c4 Nf6 2. g3 g6 3. Bg2 Bg7 4. Nc3 O-O 5. e4 d6 6. Nge2 c5 7. O-O Nc6 8. d3
Bg4 9. h3 Bd7 10. Be3 Qb6 11. Rb1 Qc7 12. a3 e5 13. f4 exf4 14. gxf4 Ne7 15. b4
Nh5 16. bxc5 dxc5 17. e5 Rab8 18. Nd5 Nxd5 19. cxd5 Qa5 20. Qb3 b6 21. d4 Bf5
22. Rb2 c4 23. Qxc4 Qxa3 24. Qb3 Qe7 25. d6 Qd7 26. Kh2 Rfc8 27. Nc3 Be6 28.
Nd5 Qd8 29. Qa3 Bxd5 30. Bxd5 Qh4 31. Rf3 Bh6 32. Rbf2 Ng7 33. Qxa7 Rf8 34.
Bxf7+ Kh8 35. e6 Nf5 36. e7 Nxe3 37. exf8=Q+ Rxf8 38. Qe7 Nf5 39. Qxh4 Nxh4 40.
d7 Nxf3+ 41. Rxf3 Rd8 42. Be8 Kg8 43. f5 gxf5 44. Rxf5 Bg7 45. d5 b5 46. d6 b4
47. Rb5 Bc3 48. Kg2 Kf8 49. Kf3 Kg7 50. Ke4 Kf6 51. Kd5 Ra8 52. Kc6 Ke6 53. Kb7
Rd8 54. Kc7 Bf6 55. Rxb4 Ra8 56. Re4+ Kd5 57. Re7 Ra7+ 58. Kb8 Rxd7 59. Rxd7 h6
60. Rh7 1-0

[Event "North Wales Open"]
[Site "Llandudno"]
[Date "2017.06.30"]
[Round "1.7"]
[White "Best, Matthew"]
[Black "Hunt, Malcolm A"]
[Result "0-1"]
[WhiteElo "1900"]
[BlackElo "2040"]
[PlyCount "50"]
[EventDate "2017.06.30"]
[EventType "swiss"]
[EventRounds "5"]
[EventCountry "WLS"]
[SourceDate "2017.07.09"]

1. d4 d5 2. c4 Bf5 3. Nc3 e6 4. Nf3 c6 5. Bf4 Nd7 6. e3 h6 7. a3 Ngf6 8. Bd3
Bxd3 9. Qxd3 dxc4 10. Qxc4 Nb6 11. Qb3 Bd6 12. Bxd6 Qxd6 13. O-O O-O 14. Rfd1
Rab8 15. Rac1 Rfd8 16. e4 Qf4 17. h3 Nxe4 18. Ne2 Qd6 19. Qe3 Nf6 20. Ne5 Nbd5
21. Qf3 Ne7 22. g4 Qd5 23. Qg3 Ne4 24. Qh4 Ng5 25. Nc3 Qxe5 0-1

[Event "North Wales Open"]
[Site "Llandudno"]
[Date "2017.06.30"]
[Round "1.8"]
[White "Robinson, John K"]
[Black "Ridge, Michael"]
[Result "1/2-1/2"]
[WhiteElo "2011"]
[BlackElo "1872"]
[PlyCount "28"]
[EventDate "2017.06.30"]
[EventType "swiss"]
[EventRounds "5"]
[EventCountry "WLS"]
[SourceDate "2017.07.09"]

1. d4 Nf6 2. c4 g6 3. Nc3 Bg7 4. Bg5 d6 5. Nf3 h6 6. Bh4 O-O 7. e3 c5 8. Be2
Bf5 9. O-O Ne4 10. Nxe4 Bxe4 11. Nd2 Bf5 12. Nf3 g5 13. Bg3 Qb6 14. Bd3 Bxd3
1/2-1/2

[Event "North Wales Open"]
[Site "Llandudno"]
[Date "2017.07.01"]
[Round "2.1"]
[White "Dineley, Richard"]
[Black "Crocker, Philip J"]
[Result "1/2-1/2"]
[WhiteElo "2269"]
[BlackElo "2068"]
[PlyCount "195"]
[EventDate "2017.06.30"]
[EventType "swiss"]
[EventRounds "5"]
[EventCountry "WLS"]
[SourceDate "2017.07.09"]

1. e4 Nf6 2. e5 Nd5 3. d4 d6 4. Nf3 dxe5 5. Nxe5 c6 6. Be2 Bf5 7. O-O Nd7 8.
Nf3 e6 9. c4 N5f6 10. Nc3 Bd6 11. Nh4 O-O 12. Nxf5 exf5 13. Bf3 Re8 14. Qb3 Qb6
15. c5 Qxb3 16. axb3 Bc7 17. b4 a6 18. d5 Ne5 19. d6 Nxf3+ 20. gxf3 Bd8 21. b5
cxb5 22. Nxb5 Rc8 23. d7 Nxd7 24. Nd6 Bf6 25. Nxe8 Rxe8 26. c6 bxc6 27. Rxa6 c5
28. Rd1 Ne5 29. Kg2 c4 30. Rd4 Nd3 31. Rxc4 Nxc1 32. Rxc1 Bxb2 33. Rc2 Bd4 34.
Rd6 Ba1 35. Re2 Rf8 36. Ra6 Bc3 37. Rc2 Bd4 38. Rd2 Bc3 39. Rd3 Bb2 40. Rb6 Ba1
41. Ra3 Bd4 42. Rba6 g6 43. Rd3 Be5 44. Rd7 Kg7 45. h3 h5 46. Raa7 Bf4 47. Rd4
Be5 48. Rda4 Bc3 49. Ra8 Rxa8 50. Rxa8 Be5 51. Ra6 Bd4 52. f4 Bb2 53. Kf3 Bc1
54. Rc6 Bd2 55. Rc4 Ba5 56. Ke2 Bb6 57. f3 Ba5 58. Kd3 Kf6 59. Kd4 Ke6 60. Rc6+
Ke7 61. Kd5 Kf8 62. Kd6 Be1 63. Rc8+ Kg7 64. Ke7 Bd2 65. Rc4 Be3 66. Ke8 Kg8
67. Rc7 f6 68. Rc4 Kg7 69. Ke7 Bd2 70. Ke6 Ba5 71. Ra4 Bc3 72. Ra7+ Kg8 73. Rc7
Bb2 74. Rc2 Bd4 75. Rc8+ Kg7 76. Rc7+ Kg8 77. Rf7 Bc3 78. h4 Bd4 79. Rxf6 Kg7
80. Rf7+ Kg8 81. Rd7 Bc3 82. Rb7 Ba1 83. Rb3 Kg7 84. Rb7+ Kg8 85. Rb6 Kg7 86.
Ra6 Bb2 87. Ra8 Bc3 88. Rc8 Bb2 89. Rc7+ Kg8 90. Rc2 Bd4 91. Rc6 Kg7 92. Rc4
Bb2 93. Rc7+ Kg8 94. Kd5 Ba1 95. Rc2 Kg7 96. Ra2 Bc3 97. Re2 Kf7 98. Ra2
1/2-1/2

[Event "North Wales Open"]
[Site "Llandudno"]
[Date "2017.07.01"]
[Round "2.2"]
[White "Jackson, Oliver A"]
[Black "Hunt, Malcolm A"]
[Result "1/2-1/2"]
[WhiteElo "2169"]
[BlackElo "2040"]
[PlyCount "24"]
[EventDate "2017.06.30"]
[EventType "swiss"]
[EventRounds "5"]
[EventCountry "WLS"]
[SourceDate "2017.07.09"]

1. e4 e5 2. f4 Nc6 3. Nf3 f5 4. Bb5 fxe4 5. Bxc6 dxc6 6. Nxe5 Nf6 7. Nc3 Qd4 8.
Qe2 Be7 9. b3 Nd5 10. Qxe4 Qxe4+ 11. Nxe4 Nxf4 12. O-O O-O 1/2-1/2

[Event "North Wales Open"]
[Site "Llandudno"]
[Date "2017.07.01"]
[Round "2.3"]
[White "Surtees, Mike J"]
[Black "Camp, Imogen A L"]
[Result "1-0"]
[WhiteElo "2084"]
[BlackElo "1802"]
[PlyCount "69"]
[EventDate "2017.06.30"]
[EventType "swiss"]
[EventRounds "5"]
[EventCountry "WLS"]
[SourceDate "2017.07.09"]

1. e4 e5 2. d3 Bc5 3. Nf3 Nc6 4. Nxe5 Nxe5 5. d4 Qh4 6. dxc5 Qxe4+ 7. Qe2 Nf6
8. Nc3 Qxe2+ 9. Bxe2 O-O 10. Bf4 Re8 11. O-O-O c6 12. Bg5 Ng6 13. Rhe1 b6 14.
Bxf6 gxf6 15. Bg4 Rxe1 16. Rxe1 Ne5 17. Bh3 bxc5 18. f4 Ng6 19. Re8+ Kg7 20.
Bxd7 Bb7 21. Rxa8 Bxa8 22. g3 Bb7 23. Ne4 c4 24. Nc5 Ba8 25. Kd2 Ne7 26. Kc3
Nd5+ 27. Kxc4 Ne3+ 28. Kb4 Nxc2+ 29. Ka5 Nd4 30. Ka6 Kf8 31. Kxa7 Ke7 32. Kxa8
Kd6 33. b4 Nc2 34. a3 Nxa3 35. Bf5 1-0

[Event "North Wales Open"]
[Site "Llandudno"]
[Date "2017.07.01"]
[Round "2.4"]
[White "Cooke, Suzie G."]
[Black "Blackburn, Jonathan L B"]
[Result "0-1"]
[WhiteElo "1957"]
[BlackElo "2200"]
[PlyCount "30"]
[EventDate "2017.06.30"]
[EventType "swiss"]
[EventRounds "5"]
[EventCountry "WLS"]
[SourceDate "2017.07.09"]

1. e4 c5 2. d4 cxd4 3. Qxd4 Nc6 4. Qa4 g6 5. Nf3 Bg7 6. Bc4 d6 7. O-O Nf6 8. e5
dxe5 9. Nxe5 O-O 10. Nxc6 bxc6 11. Qxc6 Bf5 12. Nc3 Rc8 13. Qa6 Bxc2 14. Be3
Ng4 15. Bxa7 Qc7 0-1

[Event "North Wales Open"]
[Site "Llandudno"]
[Date "2017.07.01"]
[Round "2.5"]
[White "Bryant, Richard B E"]
[Black "Jameson, David"]
[Result "1-0"]
[WhiteElo "1976"]
[BlackElo "2099"]
[PlyCount "143"]
[EventDate "2017.06.30"]
[EventType "swiss"]
[EventRounds "5"]
[EventCountry "WLS"]
[SourceDate "2017.07.09"]

1. e4 e5 2. Nf3 Nc6 3. c3 d5 4. Qa4 f6 5. exd5 Qxd5 6. d3 Bf5 7. Be3 Bxd3 8.
Bxd3 Qxd3 9. Nbd2 O-O-O 10. O-O-O a6 11. Nc4 Qg6 12. Nh4 Rxd1+ 13. Rxd1 Qf7 14.
Na5 Nge7 15. Nxc6 Nxc6 16. Qg4+ Kb8 17. Kb1 g6 18. Rd7 Be7 19. Qd1 Qe6 20. Rd5
Rd8 21. Rxd8+ Bxd8 22. Nf3 Be7 23. Nd2 Qd5 24. f3 f5 25. Qe2 Bc5 26. Qc4 Qxc4
27. Nxc4 Bxe3 28. Nxe3 Ne7 29. Nc4 Nc6 30. Ne3 Kc8 31. Nd5 h5 32. h4 Kd7 33.
Kc2 Ne7 34. Nf6+ Ke6 35. Nh7 Nd5 36. Kd2 b5 37. Nf8+ Kf7 38. Nd7 e4 39. fxe4
fxe4 40. g3 Ke6 41. Nc5+ Kf5 42. Ke2 a5 43. Kf2 a4 44. c4 a3 45. bxa3 bxc4 46.
a4 Ke5 47. a5 Kd4 48. Ne6+ Ke5 49. Nc5 c3 50. a6 Kd4 51. Nb3+ Kc4 52. a7 Nb6
53. Ke3 Kb4 54. Kxe4 c5 55. Nc1 c4 56. Kd4 c2 57. a3+ Kxa3 58. Kc5 Na8 59. Kxc4
Kb2 60. Nd3+ Kb1 61. Kc5 c1=Q+ 62. Nxc1 Kxc1 63. Kc6 Kd2 64. Kb7 Ke3 65. Kxa8
Kf3 66. Kb7 Kxg3 67. a8=Q Kxh4 68. Qa2 g5 69. Kc6 g4 70. Qh2+ Kg5 71. Kd6 h4
72. Qe5+ 1-0

[Event "North Wales Open"]
[Site "Llandudno"]
[Date "2017.07.01"]
[Round "2.6"]
[White "Mcdonagh, Michael"]
[Black "Paterson, Andrew I"]
[Result "0-1"]
[WhiteElo "1910"]
[BlackElo "2077"]
[PlyCount "96"]
[EventDate "2017.06.30"]
[EventType "swiss"]
[EventRounds "5"]
[EventCountry "WLS"]
[SourceDate "2017.07.09"]

1. c4 e5 2. Nc3 Nc6 3. Nf3 f5 4. g3 Nf6 5. d4 e4 6. Nh4 g6 7. Bg5 Bg7 8. Bh3 d6
9. O-O O-O 10. Qd2 Qe8 11. Rad1 Qf7 12. b3 b6 13. f3 exf3 14. exf3 Bb7 15. d5
Ne5 16. Ng2 Rae8 17. Be3 Bc8 18. Nb5 a6 19. Nd4 Re7 20. Nf4 Bh6 21. Nfe6 Bxe3+
22. Qxe3 Bxe6 23. Nxe6 Rfe8 24. Qc3 Nh5 25. g4 Ng7 26. Nxg7 Qxg7 27. gxf5 gxf5+
28. Kh1 Rf8 29. Rde1 Ng6 30. Qd2 Qf6 31. Qh6 Rxe1 32. Rxe1 Qc3 33. Rf1 Qd4 34.
f4 Qd2 35. Qg5 Qd3 36. Qg3 Qc2 37. Qe3 Rf7 38. Rf2 Qb1+ 39. Bf1 Re7 40. Qd3 Qe1
41. Kg1 Re4 42. Qg3 Kg7 43. h4 Rxf4 44. h5 Rg4 45. Qxg4 fxg4 46. hxg6 Kxg6 47.
Re2 Qg3+ 48. Bg2 h5 0-1

[Event "North Wales Open"]
[Site "Llandudno"]
[Date "2017.07.01"]
[Round "2.7"]
[White "Mclaughlin, Noel S"]
[Black "Livesey, R Nigel"]
[Result "1-0"]
[WhiteElo "1996"]
[BlackElo "1814"]
[PlyCount "85"]
[EventDate "2017.06.30"]
[EventType "swiss"]
[EventRounds "5"]
[EventCountry "WLS"]
[SourceDate "2017.07.09"]

1. Nf3 Nf6 2. c4 d6 3. g3 g6 4. b4 Bg7 5. Bb2 O-O 6. Bg2 e5 7. d3 c6 8. O-O
Nbd7 9. c5 dxc5 10. bxc5 Re8 11. Nbd2 Nxc5 12. Bxe5 Be6 13. Qc2 Qe7 14. Nc4
Red8 15. Rac1 Ne8 16. Bxg7 Nxg7 17. Na5 Na6 18. Rb1 Rab8 19. Rb2 Bd5 20. Rfb1
c5 21. e4 Nb4 22. Rxb4 cxb4 23. exd5 Rxd5 24. Nb3 Rbd8 25. d4 Ne6 26. Rd1 R5d6
27. Qd2 Rd5 28. Qe3 R5d6 29. Ne5 Kg7 30. d5 a6 31. Nc4 R6d7 32. Re1 Rxd5 33.
Bxd5 Rxd5 34. Ncd2 Qd8 35. h4 a5 36. Nf3 a4 37. Nbd2 b5 38. Rb1 Qd6 39. Ne4
Rd1+ 40. Kg2 Qd3 41. Qxd3 Rxd3 42. Rxb4 Rd4 43. Nxd4 1-0

[Event "North Wales Open"]
[Site "Llandudno"]
[Date "2017.07.01"]
[Round "2.8"]
[White "Carroll, Thomas"]
[Black "Rita, Joao"]
[Result "1-0"]
[WhiteElo "1769"]
[BlackElo "1984"]
[PlyCount "29"]
[EventDate "2017.06.30"]
[EventType "swiss"]
[EventRounds "5"]
[EventCountry "WLS"]
[SourceDate "2017.07.09"]

1. d4 Nf6 2. Bg5 d5 3. Bxf6 exf6 4. e3 Bd6 5. g3 O-O 6. Bg2 Re8 7. Ne2 Bg4 8.
c4 c6 9. cxd5 c5 10. Nbc3 Qb6 11. Qa4 Na6 12. dxc5 Qxb2 13. Rb1 Nxc5 14. Rxb2
Nxa4 15. Nxa4 1-0

[Event "North Wales Open"]
[Site "Llandudno"]
[Date "2017.07.01"]
[Round "2.9"]
[White "Doran, Chris"]
[Black "Rahulan, Thivyaa"]
[Result "1-0"]
[WhiteElo "1977"]
[BlackElo "1623"]
[PlyCount "109"]
[EventDate "2017.06.30"]
[EventType "swiss"]
[EventRounds "5"]
[EventCountry "WLS"]
[SourceDate "2017.07.09"]

1. e4 c5 2. Nf3 Nc6 3. d4 cxd4 4. Nxd4 g6 5. Nc3 Bg7 6. Be3 Nf6 7. Bc4 O-O 8.
Bb3 b6 9. f3 Bb7 10. Qd2 Re8 11. O-O-O Rc8 12. h4 Na5 13. h5 d5 14. e5 Nd7 15.
f4 e6 16. hxg6 fxg6 17. g4 Qe7 18. Ndb5 d4 19. Bxd4 Bxh1 20. Rxh1 Red8 21. g5
Nc5 22. Qh2 Ncxb3+ 23. axb3 Bh8 24. Kb1 Rd7 25. Nd6 Rcd8 26. Nce4 Nb7 27. Nf6+
Bxf6 28. gxf6 Qf8 29. f7+ Rxf7 30. Nxf7 Qxf7 31. Be3 Na5 32. Qe2 Nc6 33. Rd1
Qe7 34. Qg4 Rxd1+ 35. Qxd1 Qd8 36. Qg4 Qd5 37. Qe2 h5 38. Qa6 Qd1+ 39. Bc1 Qd7
40. Qc4 Kf7 41. Be3 Ne7 42. Qf1 Nf5 43. Bf2 Kg7 44. Kc1 Qd5 45. Qh3 Qe4 46. Qh2
Qf3 47. Kd2 Kf7 48. Kc1 Ne3 49. Bxe3 Qxe3+ 50. Kb1 Qe1+ 51. Ka2 h4 52. Qg2 Kg7
53. Qg5 Qg3 54. Qf6+ Kh6 55. Qh8# 1-0

[Event "North Wales Open"]
[Site "Llandudno"]
[Date "2017.07.01"]
[Round "2.10"]
[White "Ridge, Michael"]
[Black "Schulte, Felix"]
[Result "1/2-1/2"]
[WhiteElo "1872"]
[BlackElo "2002"]
[PlyCount "131"]
[EventDate "2017.06.30"]
[EventType "swiss"]
[EventRounds "5"]
[EventCountry "WLS"]
[SourceDate "2017.07.09"]

1. c4 Nf6 2. Nc3 c5 3. Nf3 d5 4. cxd5 Nxd5 5. g3 Nc6 6. Bg2 Nc7 7. O-O e5 8. d3
Be7 9. Nd2 O-O 10. Nc4 f6 11. f4 Rb8 12. fxe5 Nxe5 13. Bf4 Ng6 14. Bxc7 Qxc7
15. Nd5 Qd8 16. Rc1 Be6 17. Nxe7+ Qxe7 18. a4 Rfe8 19. Qc2 b6 20. Bc6 Red8 21.
Be4 Rd4 22. e3 Rd7 23. Bc6 Rdd8 24. Be4 Qd7 25. Rcd1 Qf7 26. b3 Rbc8 27. Bf5
Rc7 28. Qg2 Rcd7 29. Qh3 Bxf5 30. Qxf5 Rd5 31. Qe4 f5 32. Qf3 Rxd3 33. Rxd3
Rxd3 34. Qa8+ Nf8 35. Ne5 Qd5 36. Qxd5+ Rxd5 37. Nc6 Ng6 38. Nxa7 Ne7 39. Rb1
Rd3 40. Kf2 Rd2+ 41. Kg1 Re2 42. Nb5 Rxe3 43. Nd6 Rd3 44. Nc4 Nd5 45. Kf2 Nc3
46. Rf1 Ne4+ 47. Kg1 Rxb3 48. Rxf5 Rb4 49. Ne3 g6 50. Re5 Rxa4 51. Nd5 Nd2 52.
Re7 Ra1+ 53. Kg2 Rb1 54. Rb7 c4 55. Nf6+ Kf8 56. Rd7 Rf1 57. Nxh7+ Kg8 58. Rxd2
Rf5 59. g4 Rb5 60. Nf6+ Kf7 61. Ne4 Rb4 62. Rc2 b5 63. h4 Rb3 64. Nd6+ Ke6 65.
Nxc4 bxc4 66. Rxc4 1/2-1/2

[Event "North Wales Open"]
[Site "Llandudno"]
[Date "2017.07.01"]
[Round "2.11"]
[White "Rice, Clifford"]
[Black "Waterfield, John W"]
[Result "1-0"]
[WhiteElo "1927"]
[BlackElo "1967"]
[PlyCount "95"]
[EventDate "2017.06.30"]
[EventType "swiss"]
[EventRounds "5"]
[EventCountry "WLS"]
[SourceDate "2017.07.09"]

1. e4 c5 2. Nf3 d6 3. Bc4 Nf6 4. d3 Nc6 5. c3 e6 6. O-O Be7 7. Bb3 O-O 8. Re1
e5 9. Nbd2 Ne8 10. Nf1 Nc7 11. Ng3 Bf6 12. Be3 Be6 13. Bc2 Qd7 14. h3 Rac8 15.
Qd2 b6 16. Nh5 Be7 17. d4 cxd4 18. cxd4 exd4 19. Nxd4 Ne5 20. b3 g6 21. f4 Nc6
22. Ng3 Bh4 23. Bf2 Nxd4 24. Qxd4 Nb5 25. Qb2 Rc3 26. a4 Rfc8 27. Bd1 Bxg3 28.
axb5 Bxf2+ 29. Kxf2 Qxb5 30. Rxa7 Qc5+ 31. Kf1 Qd4 32. Qa2 Rc1 33. Qe2 d5 34.
Ra4 Qc3 35. exd5 Bxd5 36. f5 Qc6 37. Rf4 Qd6 38. g3 g5 39. Qg4 f6 40. Rd4 Qc6
41. h4 Kh8 42. hxg5 Rg8 43. g6 hxg6 44. fxg6 f5 45. Qh5+ Kg7 46. Qh7+ Kf8 47.
Rxd5 Qxd5 48. Qe7# 1-0

[Event "North Wales Open"]
[Site "Llandudno"]
[Date "2017.07.01"]
[Round "2.12"]
[White "Best, Matthew"]
[Black "Taylor, Robert Graham"]
[Result "0-1"]
[WhiteElo "1900"]
[BlackElo "1944"]
[PlyCount "76"]
[EventDate "2017.06.30"]
[EventType "swiss"]
[EventRounds "5"]
[EventCountry "WLS"]
[SourceDate "2017.07.09"]

1. d4 d5 2. c4 e6 3. Nc3 c6 4. e4 dxe4 5. Nxe4 Nf6 6. Nxf6+ Qxf6 7. Nf3 Bb4+ 8.
Bd2 Bxd2+ 9. Qxd2 O-O 10. Bd3 Nd7 11. Qg5 Qxg5 12. Nxg5 h6 13. Nf3 b6 14. Be4
Bb7 15. Ne5 Nxe5 16. dxe5 Rad8 17. Rd1 Rxd1+ 18. Kxd1 Rd8+ 19. Kc2 Rd4 20. Bd3
c5 21. f3 Kf8 22. Rd1 f6 23. exf6 gxf6 24. Be2 e5 25. g3 Ke7 26. b4 Rxd1 27.
Bxd1 cxb4 28. h4 a5 29. Kd3 Kd6 30. f4 exf4 31. gxf4 Kc5 32. Bh5 Bg2 33. Be2 f5
34. Kc2 Be4+ 35. Kb3 Kd4 36. a3 bxa3 37. Kxa3 Bd3 38. Bh5 Bxc4 0-1

[Event "North Wales Open"]
[Site "Llandudno"]
[Date "2017.07.01"]
[Round "3.1"]
[White "Dineley, Richard"]
[Black "Surtees, Mike J"]
[Result "1-0"]
[WhiteElo "2269"]
[BlackElo "2084"]
[PlyCount "99"]
[EventDate "2017.06.30"]
[EventType "swiss"]
[EventRounds "5"]
[EventCountry "WLS"]
[SourceDate "2017.07.09"]

1. e4 c5 2. Nf3 e6 3. d4 cxd4 4. Nxd4 Nf6 5. Nc3 d6 6. Be2 a6 7. O-O Qc7 8. a4
Nc6 9. Be3 Be7 10. f4 Nxd4 11. Qxd4 e5 12. Qd3 O-O 13. Kh1 exf4 14. Bxf4 Be6
15. Rad1 Rfd8 16. Qg3 Qb6 17. Be3 Qb4 18. Bd4 Ne8 19. Bg4 Bc4 20. Rf3 f6 21. b3
Bf7 22. Nd5 Bxd5 23. exd5 Kh8 24. Qe1 Qxe1+ 25. Rxe1 Bf8 26. Bb6 Rdb8 27. Rfe3
f5 28. Bxf5 Nf6 29. c4 Re8 30. Rxe8 Nxe8 31. g4 g6 32. Be6 Bg7 33. Kg2 Be5 34.
Re2 h6 35. h3 Kh7 36. a5 Nf6 37. Rxe5 dxe5 38. d6 Rf8 39. d7 Nxd7 40. Bxd7 Kg7
41. Be6 Re8 42. Bd5 Re7 43. Kf3 Rd7 44. Ke4 Kf6 45. b4 h5 46. b5 hxg4 47. hxg4
Rh7 48. Bd8+ Kg7 49. Bxb7 axb5 50. cxb5 1-0

[Event "North Wales Open"]
[Site "Llandudno"]
[Date "2017.07.01"]
[Round "3.2"]
[White "Blackburn, Jonathan L B"]
[Black "Mclaughlin, Noel S"]
[Result "1-0"]
[WhiteElo "2200"]
[BlackElo "1996"]
[PlyCount "107"]
[EventDate "2017.06.30"]
[EventType "swiss"]
[EventRounds "5"]
[EventCountry "WLS"]
[SourceDate "2017.07.09"]

1. d4 f5 2. g3 Nf6 3. Bg2 g6 4. c3 c6 5. Nf3 Bg7 6. Qb3 Qb6 7. Qa3 d6 8. O-O
O-O 9. b4 Ne4 10. Qb3+ d5 11. a4 Nd7 12. Be3 e6 13. Nbd2 Nxd2 14. Nxd2 Nf6 15.
c4 Bd7 16. a5 Qd8 17. Bg5 b5 18. cxb5 cxb5 19. Rac1 Rc8 20. Qb2 h6 21. Bf4 Qe7
22. Be5 Rc6 23. Rxc6 Bxc6 24. Nf3 Rc8 25. Rc1 Nd7 26. Bxg7 Kxg7 27. Ne5 Bb7 28.
Rxc8 Bxc8 29. Nc6 Qd6 30. Nxa7 Ba6 31. Qc3 Qb8 32. Qc6 Qxa7 33. Qxe6 Nf6 34. e3
Qb7 35. f3 h5 36. h3 Ng8 37. g4 Qc8 38. Qe5+ Kh7 39. gxh5 gxh5 40. Qxd5 Qc1+
41. Kh2 Qxe3 42. Qxf5+ Kg7 43. Qe5+ Qxe5+ 44. dxe5 Kg6 45. f4 Kf5 46. Kg3 h4+
47. Kf3 Nh6 48. Ke3 Bc8 49. Be4+ Ke6 50. Kd4 Ke7 51. Kc5 Nf7 52. Kxb5 Bxh3 53.
a6 Bf1+ 54. Kb6 1-0

[Event "North Wales Open"]
[Site "Llandudno"]
[Date "2017.07.01"]
[Round "3.3"]
[White "Jackson, Oliver A"]
[Black "Doran, Chris"]
[Result "1-0"]
[WhiteElo "2169"]
[BlackElo "1977"]
[PlyCount "55"]
[EventDate "2017.06.30"]
[EventType "swiss"]
[EventRounds "5"]
[EventCountry "WLS"]
[SourceDate "2017.07.09"]

1. e4 c5 2. Nc3 Nc6 3. f4 g6 4. Nf3 Bg7 5. Bb5 Nd4 6. a4 a6 7. Bc4 e6 8. e5 d5
9. exd6 Qxd6 10. d3 Nf6 11. Ne4 Nxe4 12. dxe4 O-O 13. c3 Nxf3+ 14. Qxf3 Bd7 15.
O-O b5 16. Bb3 c4 17. Bc2 Bc6 18. Qf2 Qc7 19. f5 exf5 20. exf5 Be5 21. Qh4 Qb6+
22. Kh1 Bf6 23. Qg3 Kg7 24. Be3 Qb7 25. Bc5 Rfe8 26. fxg6 Re2 27. gxf7+ Kh8 28.
Rxf6 1-0

[Event "North Wales Open"]
[Site "Llandudno"]
[Date "2017.07.01"]
[Round "3.4"]
[White "Paterson, Andrew I"]
[Black "Bryant, Richard B E"]
[Result "1-0"]
[WhiteElo "2077"]
[BlackElo "1976"]
[PlyCount "73"]
[EventDate "2017.06.30"]
[EventType "swiss"]
[EventRounds "5"]
[EventCountry "WLS"]
[SourceDate "2017.07.09"]

1. d4 d5 2. c4 c6 3. cxd5 cxd5 4. Nc3 Nf6 5. Nf3 e6 6. Bf4 Nc6 7. e3 a6 8. Rc1
Be7 9. h3 O-O 10. Bd3 Bd7 11. O-O Rc8 12. Bb1 Nh5 13. Bh2 f5 14. Na4 b6 15. Qb3
b5 16. Nc5 Na5 17. Qa3 Ra8 18. Qd3 Nc4 19. b3 Bxc5 20. dxc5 Na5 21. Bd6 Re8 22.
g4 Nf6 23. gxf5 exf5 24. Be5 f4 25. Bxf6 Qxf6 26. Qxh7+ Kf7 27. Qh5+ Ke7 28.
exf4 Be6 29. Rfe1 Kd7 30. Rxe6 Rxe6 31. Qxd5+ Ke7 32. Qxa8 Qxf4 33. Rd1 Nc6 34.
Qg8 Qxf3 35. Qxg7+ Ke8 36. Bg6+ Rxg6+ 37. Qxg6+ 1-0